000 00373nam a2200133Ia 4500
008 150202s9999 xx 000 0 und d
020 _a1401398033
050 _aFIC
_bFIC
100 _aAlbom, Mitch.
245 4 _aThe five people you meet in heaven /
_cMitch Albom.
260 _aNew York :
_bHachette Books,
_c2003.
300 _a196 pages :
_c18 cm.
650 _aFiction.
999 _c282489
_d282489